Clinical Supervision : A Competency-Based Approach /

Obra que ofrece un acercamiento integral al complejo proceso de la supervisión en psicología clínica, desde la adecuada comunicación y confianza entre supervisor y supervisado, hasta los aspectos éticos y legales involucrados, así como los temas relativos a la diversidad y la evaluación.

Gespeichert in:
Bibliographische Detailangaben
1. Verfasser: Falender, Carol A. (autor)
Weitere Verfasser: Shafranske, Edward P. (autor) (autor)
Format: Buch
Sprache:Englisch
Veröffentlicht: Washington, EUA : American Psychological Association, 2010, c2004
Schlagworte:
Tags: Tag hinzufügen
Keine Tags, Fügen Sie das erste Tag hinzu!

MARC

LEADER 00000nam^a2200000^a^4500
001 000326395
005 20250521000000.0
009 20260310113805.516
020 |a 1-59147-119-2 
020 |a 978-1-59147-119-6 
037 |a Acervo ITESO - Biblioteca 
041 |a ING 
082 |a 616. 89  |b FAL 
100 |a Falender, Carol A.  |e (autor) 
245 1 0 |a Clinical Supervision :  |b A Competency-Based Approach /  |c C.A. Falender, E.P. Shafranske. 
264 4 |a Washington, EUA :  |b American Psychological Association,  |c 2010, c2004 
300 |a IX, 348 p. 
336 |a texto  |b txt  |2 rdacontenido 
337 |a sin mediación  |b n  |2 rdamedio 
338 |a volumen  |b nc  |2 rdasoporte 
520 |a Obra que ofrece un acercamiento integral al complejo proceso de la supervisión en psicología clínica, desde la adecuada comunicación y confianza entre supervisor y supervisado, hasta los aspectos éticos y legales involucrados, así como los temas relativos a la diversidad y la evaluación. 
649 |a XX 
650 |a Psicólogos -  |x Prácticas Profesionales -  |x Tema Principal 
650 |a Competencias (Educación) 
650 |a Etica Profesional 
650 |a Supervisión Escolar 
650 |a Supervisión (Psicología) 
650 |a Psicología -  |x Formación Profesional -  |x Tema Principal 
650 |a Psicología Clínica -  |x Estudio y Enseñanza 
700 |a Shafranske, Edward P.  |e (autor) 
910 |a Fondo General 
920 |a Impresos - Libros 
930 |a Colección General 
905 |a 101 
901 |a 0500215101  |b IT1  |c ACC  |i C134347  |u 20250521 
902 |a https://opac.biblio.iteso.mx/vufind/Record/000326395